Générique L'Apprenti Père Noël - Paroles - Statistiques

Statistiques générales
  • Ce quiz a été pris 79 fois
  • Le résultat moyen est 14 sur 17
Statistiques - réponses
Paroles % Correct
L'apprenti du {Père} {Noël}
97%
Il ne peut y en avoir qu'{un}
95%
Un cadeau tombé du {ciel}
95%
L'apprenti du {Père} {Noël}
89%
Si vous vous appelez {Nicolas}
89%
Rien ne pourra l'{arrêter}
85%
Tous les secrets de {Noël}
85%
Vous pouvez en être {sûr}
85%
Et que votre coeur est {pur}
83%
Le plus joli des {métiers}
82%
Se sera vous la prochaine {fois}
82%
Sous les boules et les {guirlandes}
78%
A travers les {cheminées}
77%
Nicolas est venu {apprendre}
77%
Quand on est né {orphelin}
74%
Seront enfin {dévoilés}
71%
Le vent, la neige ou la {grêle}
60%
Aucun quiz correspondant
Distribution des résultats
% des personnes avec chaque résultat
Percentile par nombre de réponses
Votre historique - résultats
Vous n’avez pas pris ce quiz